00551nam a2200145Ia 4500008004100000245017200041260001700213260000900230300000900239650002300248650001200271856003000283999001900313952007300332170516s9999 xx 000 0 und d aRapid and Quantitative Detection of Zoonotic Influenza A Virus Infection Utilizing Coumarin-derived dendrimer-based Fluorescent Immunochromatographic Strip Test (FICT) bTheranostics c2014 a4:12 xMedical Technology xMedtech uhttp://www.thno.org/v4i12 c330702d330702 001040aCLbCLd2017-05-16l0r2017-05-16 00:00:00w2017-05-16yFOJ